Faculty of Law Library — Cairo University

Official Online Catalog

Archbold : (Record no. 54253)

MARC details
000 -LEADER
fixed length control field 01814cac a2200457 i 4500
003 - CONTROL NUMBER IDENTIFIER
control field EG-GICUC
005 - DATE AND TIME OF LATEST TRANSACTION
control field 20260121101642.0
008 - FIXED-LENGTH DATA ELEMENTS--GENERAL INFORMATION
fixed length control field 940418c19929999enkar fr 0 a0eng d
040 ## - CATALOGING SOURCE
Original cataloging agency NDL
Language of cataloging eng
Transcribing agency NDL
Modifying agency DLC
-- OCLCQ
-- NLGGC
-- LVB
-- OCLCG
-- YLS
-- OCLCQ
-- OCLCF
-- OCLCO
-- YDXCP
-- DLC
-- OCL
-- OCLCQ
-- OCLCO
-- OCL
-- OCLCL
-- EG-GICUC
Description conventions rda
043 ## - GEOGRAPHIC AREA CODE
Geographic area code e-uk---
050 00 - LIBRARY OF CONGRESS CALL NUMBER
Classification number KD8329
Item number .A812
082 00 - DEWEY DECIMAL CLASSIFICATION NUMBER
Classification number 343.39
Edition number 21
092 04 - LOCALLY ASSIGNED DEWEY CALL NUMBER (OCLC)
Edition number 21
099 ## - LOCAL FREE-TEXT CALL NUMBER (OCLC)
Classification number Law 10 2000
245 00 - TITLE STATEMENT
Title Archbold :
Remainder of title criminal pleading, evidence, and practice.
264 ## - PRODUCTION, PUBLICATION, DISTRIBUTION, MANUFACTURE, AND COPYRIGHT NOTICE
Place of production, publication, distribution, manufacture London :
Name of producer, publisher, distributor, manufacturer Sweet & Maxwell,
Date of production, publication, distribution, manufacture, or copyright notice 2000.
300 ## - PHYSICAL DESCRIPTION
Extent cclxviii, 3013 pages ;
Dimensions 25 cm
336 ## - CONTENT TYPE
Content type term text
Content type code txt
Source rdacontent
337 ## - MEDIA TYPE
Media type term unmediated
Media type code n
Source rdamedia
338 ## - CARRIER TYPE
Carrier type term volume
Carrier type code nc
Source rdacarrier
362 0# - DATES OF PUBLICATION AND/OR SEQUENTIAL DESIGNATION
Dates of publication and/or sequential designation 1992-
580 ## - LINKING ENTRY COMPLEXITY NOTE
Linking entry complexity note The 1st-43th eds. published as monographs.
588 ## - SOURCE OF DESCRIPTION NOTE
Source of description note Latest issue consulted: 2014.
590 ## - LOCAL NOTE (RLIN)
Local note
650 #0 - SUBJECT ADDED ENTRY--TOPICAL TERM
Topical term or geographic name entry element Criminal procedure
Geographic subdivision Great Britain.
650 #0 - SUBJECT ADDED ENTRY--TOPICAL TERM
Topical term or geographic name entry element Evidence, Criminal
Geographic subdivision Great Britain.
650 #0 - SUBJECT ADDED ENTRY--TOPICAL TERM
Topical term or geographic name entry element Pleading (Criminal procedure)
Geographic subdivision Great Britain.
650 #0 - SUBJECT ADDED ENTRY--TOPICAL TERM
Topical term or geographic name entry element Criminal procedure
Geographic subdivision Great Britain
Form subdivision Periodicals.
650 #0 - SUBJECT ADDED ENTRY--TOPICAL TERM
Topical term or geographic name entry element Evidence, Criminal
Geographic subdivision Great Britain
Form subdivision Periodicals.
650 #0 - SUBJECT ADDED ENTRY--TOPICAL TERM
Topical term or geographic name entry element Pleading
Geographic subdivision Great Britain
Form subdivision Periodicals.
650 #6 - SUBJECT ADDED ENTRY--TOPICAL TERM
Topical term or geographic name entry element Plaidoirie (Procédure pénale)
Geographic subdivision Grande-Bretagne.
700 1# - ADDED ENTRY--PERSONAL NAME
Personal name Archbold, John Frederick,
Dates associated with a name 1785-1870.
Real World Object URI https://id.oclc.org/worldcat/entity/E39PBJrKP7kVKghM3yGYX4Dg8C
740 0# - ADDED ENTRY--UNCONTROLLED RELATED/ANALYTICAL TITLE
Uncontrolled related/analytical title Sentencing guidelines.
740 0# - ADDED ENTRY--UNCONTROLLED RELATED/ANALYTICAL TITLE
Uncontrolled related/analytical title Archbold, sentencing guidelines.
770 1# - SUPPLEMENT/SPECIAL ISSUE ENTRY
Title Archbold news
International Standard Serial Number 0961-4249
Record control number (OCoLC)23441480
770 1# - SUPPLEMENT/SPECIAL ISSUE ENTRY
Title Archbold review
Record control number (DLC) 2010247015
-- (OCoLC)537556071
776 08 - ADDITIONAL PHYSICAL FORM ENTRY
Relationship information Online version:
Title Archbold
Record control number (OCoLC)742281778
856 40 - ELECTRONIC LOCATION AND ACCESS
Uniform Resource Identifier <a href="https://fll.law.cu.edu.eg/fulltext/bks/ENGB10-00143.pdf">https://fll.law.cu.edu.eg/fulltext/bks/ENGB10-00143.pdf</a>
905 ## - Cataloger and Reviser Names
Cataloger Name: Hend El khosy
942 ## - ADDED ENTRY ELEMENTS (KOHA)
Source of classification or shelving scheme Dewey Decimal Classification
Koha item type Books
Edition 21
Suppress in OPAC No
Holdings
Withdrawn status Lost status Source of classification or shelving scheme Damaged status Not for loan Collection Home library Current library Date acquired Total checkouts Full call number Barcode Date last seen Copy number Price effective from Koha item type Public note
    Dewey Decimal Classification     القانون الجنائي جــــامعة القــاهرة مكتبة كلية الحقوق - فـرع الشيخ زايد 04.01.2026   Law2 10 343.39 AR 2000 1000143 C1 ENGB10-00143 04.01.2026 1 04.01.2026 Books 1556

© All rights reserved — Faculty of Law, Cairo University